Eastern Utah Libraries Catalog: Duchesne, Heber, Roosevelt, & Vernal

Pawn shop chronicles (Record no. 282798)

MARC details
000 -LEADER
fixed length control field 03256cgm a2200697Ii 4500
005 - DATE AND TIME OF LATEST TRANSACTION
control field 20200320192013.0
007 - PHYSICAL DESCRIPTION FIXED FIELD--GENERAL INFORMATION
fixed length control field vd cvaizq
008 - FIXED-LENGTH DATA ELEMENTS--GENERAL INFORMATION
fixed length control field 130826p2013 cau e vleng d
024 1# - OTHER STANDARD IDENTIFIER
Standard number or code 013132606989
028 42 - PUBLISHER NUMBER
Publisher number 60698
Source Anchor Bay
035 ## - SYSTEM CONTROL NUMBER
System control number (OCoLC)854877482
040 ## - CATALOGING SOURCE
Original cataloging agency MM LLC
Language of cataloging eng
Transcribing agency MM LLC
041 1# - LANGUAGE CODE
Language code of text/sound track or separate title eng
-- eng
-- spa
Language code of original and/or intermediate translations of text eng
043 ## - GEOGRAPHIC AREA CODE
Geographic area code n-us---
082 04 - DEWEY DECIMAL CLASSIFICATION NUMBER
Classification number 791.43/72
Edition number 23
130 0# - MAIN ENTRY--UNIFORM TITLE
Uniform title Pawn shop chronicles (Motion picture)
9 (RLIN) 5885848
245 10 - TITLE STATEMENT
Title Pawn shop chronicles
Medium [videorecording] /
Statement of responsibility, etc directed by Wayne Kramer ; producers, Nick Thurlow, Paul Walker, Steven Schneider ; screenwriter, Adam Minarovich.
257 ## - COUNTRY OF PRODUCING ENTITY FOR ARCHIVAL FILMS
Country of producing entity United States.
-- naf.
260 ## - PUBLICATION, DISTRIBUTION, ETC. (IMPRINT)
Place of publication, distribution, etc Beverly Hills, Calif. :
Name of publisher, distributor, etc Anchor Bay Entertainment,
Date of publication, distribution, etc [2013]
300 ## - PHYSICAL DESCRIPTION
Extent 1 videodisc (112 min.) :
Other physical details sd., col. ;
Dimensions 4 3/4 in.
336 ## - Content Type
Content type term two-dimensional moving image
337 ## - Media type
Media type term video
338 ## - Carrier type
Carrier type term videodisc
500 ## - GENERAL NOTE
General note Title from container.
500 ## - GENERAL NOTE
General note Title from web page.
500 ## - GENERAL NOTE
General note Release date: Aug. 27, 2013.
500 ## - GENERAL NOTE
General note Special features: audio commentary with director Wayne Kramer and writer, Adam Minarovich.
508 ## - CREATION/PRODUCTION CREDITS NOTE
Creation/production credits note Cinematographer, Jim Whitaker ; composer (music score), Newton Brothers.
511 1# - PARTICIPANT OR PERFORMER NOTE
Participant or performer note Brendan Fraser, Elijah Wood, Vincent D'onofrio, Thomas Jane, Lucas Haas, Norman Reedus, Matt Dillon, Paul Walker.
520 ## - SUMMARY, ETC.
Summary, etc If these walls could talk, viewers wouldn't believe them anyway! Get ready for a wild ride as one small-town pawn shop is the center of three intersecting stories involving meth heads, a vengeful husband searching for his long-lost wife, and a down-on-his-luck Elvis impersonator.
521 8# - TARGET AUDIENCE NOTE
Target audience note MPAA rating: R; for violence, sexual material, graphic nudity, pervasive language and some drug use.
538 ## - SYSTEM DETAILS NOTE
System details note DVD, NTSC, region 1, widescreen letterbox for 16x9 TV, Dolby digital 5.1.
546 ## - LANGUAGE NOTE
Language note English dialogue; English or Spanish subtitles.
650 #0 - SUBJECT ADDED ENTRY--TOPICAL TERM
Topical term or geographic name as entry element Pawnbrokers
Form subdivision Drama.
9 (RLIN) 5885849
650 #0 - SUBJECT ADDED ENTRY--TOPICAL TERM
Topical term or geographic name as entry element Revenge
Form subdivision Drama.
9 (RLIN) 5697951
650 #7 - SUBJECT ADDED ENTRY--TOPICAL TERM
Topical term or geographic name as entry element Casas de empeos
Form subdivision Teatro.
Source of heading or term bidex.
9 (RLIN) 5885850
650 #7 - SUBJECT ADDED ENTRY--TOPICAL TERM
Topical term or geographic name as entry element Venganza
Form subdivision Teatro.
Source of heading or term bidex.
9 (RLIN) 5766749
655 #7 - INDEX TERM--GENRE/FORM
Genre/form data or focus term Feature films.
Source of term lcgft.
9 (RLIN) 5885851
655 #7 - INDEX TERM--GENRE/FORM
Genre/form data or focus term Video recordings for the hearing impaired.
Source of term lcgft.
9 (RLIN) 5885852
655 #7 - INDEX TERM--GENRE/FORM
Genre/form data or focus term Comedy films.
Source of term lcgft.
9 (RLIN) 102658
655 #7 - INDEX TERM--GENRE/FORM
Genre/form data or focus term Fiction films.
Source of term lcgft.
9 (RLIN) 5674705
655 #7 - INDEX TERM--GENRE/FORM
Genre/form data or focus term Feature films.
Source of term gsafd.
9 (RLIN) 5885851
655 #7 - INDEX TERM--GENRE/FORM
Genre/form data or focus term Comedy films.
Source of term gsafd.
9 (RLIN) 102658
700 1# - ADDED ENTRY--PERSONAL NAME
Personal name Kramer, Wayne,
Dates associated with a name 1965-
Relator code drt
9 (RLIN) 5855824
700 1# - ADDED ENTRY--PERSONAL NAME
Personal name Thurlow, Nick.
9 (RLIN) 5885853
700 1# - ADDED ENTRY--PERSONAL NAME
Personal name Walker, Paul,
Dates associated with a name 1973-
9 (RLIN) 65918
700 1# - ADDED ENTRY--PERSONAL NAME
Personal name Schneider, Steven Jay,
Dates associated with a name 1974-
9 (RLIN) 5815480
700 1# - ADDED ENTRY--PERSONAL NAME
Personal name Minarovich, Adam.
9 (RLIN) 5885854
700 1# - ADDED ENTRY--PERSONAL NAME
Personal name Fraser, Brendan,
Dates associated with a name 1968-
9 (RLIN) 64768
700 1# - ADDED ENTRY--PERSONAL NAME
Personal name Wood, Elijah,
Dates associated with a name 1981-
9 (RLIN) 61752
700 1# - ADDED ENTRY--PERSONAL NAME
Personal name D'Onofrio, Vincent.
9 (RLIN) 29808
700 1# - ADDED ENTRY--PERSONAL NAME
Personal name Jane, Thomas.
9 (RLIN) 66089
700 1# - ADDED ENTRY--PERSONAL NAME
Personal name Haas, Lukas.
9 (RLIN) 5885855
700 1# - ADDED ENTRY--PERSONAL NAME
Personal name Reedus, Norman,
Dates associated with a name 1969-
9 (RLIN) 71595
700 1# - ADDED ENTRY--PERSONAL NAME
Personal name Dillon, Matt.
9 (RLIN) 21498
710 2# - ADDED ENTRY--CORPORATE NAME
Corporate name or jurisdiction name as entry element Newton Brothers.
9 (RLIN) 5885856
710 2# - ADDED ENTRY--CORPORATE NAME
Corporate name or jurisdiction name as entry element Anchor Bay Home Entertainment.
9 (RLIN) 5885857
942 ## - ADDED ENTRY ELEMENTS (KOHA)
Koha item type DVD
948 ## - LOCAL PROCESSING INFORMATION (OCLC); SERIES PART DESIGNATOR (RLIN)
Series part designator, SPT (RLIN) 01/27/2014
z (OCLC) Sirsi
996 ## -
-- 106726
-- 34301001376179
-- DVD
-- DVD
-- wcl
-- i
-- 16
-- 22.95
-- micro
-- Paw
-- 01/27/2014
-- 02/03/2020
-- 01/31/2020
Holdings
Withdrawn status Lost status Source of classification or shelving scheme Damaged status Not for loan Collection code Home library Current library Shelving location Date acquired Source of acquisition Cost, normal purchase price Total Checkouts Total Renewals Full call number Barcode Date last seen Date checked out Cost, replacement price Price effective from Koha item type
    Dewey Decimal Classification     Movies Wasatch County Library Wasatch County Library Audio Visual Area 01/27/2014   22.95 20 5 DVD Paw 34301001376179 03/02/2026 02/23/2026 22.95 03/20/2020 DVD
This project was made possible through a grant from the Institute of Museum and Library Service administered by the Utah State Library Division.

Wasatch County Library

  • 465 East 1200 South, Heber City, Utah 84032
  • Phone 435-654-1511 | Fax 435-654-6456

Hours

  • Monday - Friday 9:30 AM - 8:00 PM
  • Saturday 9:30 AM - 1:30 PM
  • Closed Sundays and Holidays